Detalles MARC
| 000 -LEADER |
| campo de control de longitud fija |
01620nam a22004457a 4500 |
| 003 - IDENTIFICADOR DE NÚMERO DE CONTROL |
| campo de control |
PE-LiUPU |
| 005 - FECHA Y HORA DE LA ÚLTIMA TRANSACCIÓN |
| campo de control |
20250731184610.0 |
| 008 - DATOS DE LONGITUD FIJA--INFORMACIÓN GENERAL |
| campo de control de longitud fija |
221117b |||||||| |||| 00| 0 spa d |
| 020 ## - NÚMERO INTERNACIONAL ESTÁNDAR DEL LIBRO |
| Número Internacional Estándar del Libro |
9789972514739 |
| 040 ## - FUENTE DE CATALOGACIÓN |
| Centro catalogador/agencia de origen |
PE-LiUPU |
| Lengua de catalogación |
spa |
| Centro/agencia transcriptor |
PE-LiUPU |
| Normas de descripción |
rda |
| 082 ## - NÚMERO DE LA CLASIFICACIÓN DECIMAL DEWEY |
| Número de clasificación |
985.019 |
| Cutter |
R839h |
| 100 ## - ENTRADA PRINCIPAL--NOMBRE DE PERSONA |
| 9 (RLIN) |
603 |
| Nombre de persona |
Rostworowski de Diez Canseco, María, |
| Fechas asociadas al nombre |
1915-2016, |
| Término indicativo de función/relación |
Autor. |
| 245 ## - MENCIÓN DEL TÍTULO |
| Título |
Historia del Tahuantinsuyu / |
| Mención de responsabilidad, etc. |
María Rostworowski |
| 250 ## - MENCION DE EDICION |
| Mención de edición |
1a Edicion |
| 264 ## - PRODUCCIÓN, PUBLICACIÓN, DISTRIBUCIÓN, FABRICACIÓN Y COPYRIGHT |
| Producción, publicación, distribución, fabricación y copyright |
Lima : |
| Nombre del de productor, editor, distribuidor, fabricante |
IEP, |
| Fecha de producción, publicación, distribución, fabricación o copyright |
2014. |
| 300 ## - DESCRIPCIÓN FÍSICA |
| Extensión |
320 páginas : |
| Otras características físicas |
Ilustraciones, |
| Dimensiones |
24 centímetros. |
| 490 ## - MENCIÓN DE SERIE |
| Mención de serie |
Historia Andina |
| Designación de volumen o secuencia |
41 |
| 490 ## - MENCIÓN DE SERIE |
| Mención de serie |
Obras competas |
| Designación de volumen o secuencia |
VIII |
| 500 ## - NOTA GENERAL |
| Nota general |
Primera edición setiembre 2014 -- segunda reimpresión junio 2021 |
| 504 ## - NOTA DE BIBLIOGRAFÍA, ETC. |
| Nota de bibliografía, etc. |
Incluye Bibliografía |
| 505 ## - NOTA DE CONTENIDO CON FORMATO |
| Nota de contenido con formato |
Surgimiento y apogeo del estado -- El Cusco primitivo -- Inicio del desenvolvimiento inca -- Expansión y desarrollo -- Las conquistas -- Las sucesiones y el correinado -- Aspectos organizativos -- La composición del Tahuantinsuyu -- Los recursos rentables del Tahuantinsuyu -- Los modelos económicos |
| 526 ## - NOTA DE INFORMACIÓN SOBRE EL PROGRAMA DE ESTUDIO |
| Nombre del programa |
Doctorado En Educación Con Mención En Currículo Y Docencia (A Distancia) |
| 526 ## - NOTA DE INFORMACIÓN SOBRE EL PROGRAMA DE ESTUDIO |
| Nombre del programa |
Doctorado En Educación Con Mención En Currículo Y Docencia (Semipresencial) |
| 526 ## - NOTA DE INFORMACIÓN SOBRE EL PROGRAMA DE ESTUDIO |
| Nombre del programa |
Doctorado En Educación Con Mención En Gestión Educativa (A Distancia) |
| 526 ## - NOTA DE INFORMACIÓN SOBRE EL PROGRAMA DE ESTUDIO |
| Nombre del programa |
Doctorado En Educación Con Mención En Gestión Educativa (Semipresencial) |
| 526 ## - NOTA DE INFORMACIÓN SOBRE EL PROGRAMA DE ESTUDIO |
| Nombre del programa |
Derecho semipresencial |
| 526 ## - NOTA DE INFORMACIÓN SOBRE EL PROGRAMA DE ESTUDIO |
| Nombre del programa |
Derecho presencial |
| 526 ## - NOTA DE INFORMACIÓN SOBRE EL PROGRAMA DE ESTUDIO |
| Nombre del programa |
Maestría en teología histórica |
| 526 ## - NOTA DE INFORMACIÓN SOBRE EL PROGRAMA DE ESTUDIO |
| Nombre del programa |
Teología |
| 526 ## - NOTA DE INFORMACIÓN SOBRE EL PROGRAMA DE ESTUDIO |
| Nombre del programa |
Educación primaria |
| 526 ## - NOTA DE INFORMACIÓN SOBRE EL PROGRAMA DE ESTUDIO |
| Nombre del programa |
Educación secundaria, especialidad lingüística e inglés |
| 526 ## - NOTA DE INFORMACIÓN SOBRE EL PROGRAMA DE ESTUDIO |
| Nombre del programa |
Educación secundaria, especialidad ambiental, biología y química |
| 526 ## - NOTA DE INFORMACIÓN SOBRE EL PROGRAMA DE ESTUDIO |
| Nombre del programa |
Arquitectura |
| 650 #0 - PUNTO DE ACCESO ADICIONAL DE MATERIA--TÉRMINO DE MATERIA |
| 9 (RLIN) |
596 |
| Término de materia o nombre geográfico como elemento de entrada |
Incas |
| Subdivisión general |
Política y gobierno. |
| 650 #0 - PUNTO DE ACCESO ADICIONAL DE MATERIA--TÉRMINO DE MATERIA |
| 9 (RLIN) |
602 |
| Término de materia o nombre geográfico como elemento de entrada |
Incas |
| Subdivisión general |
Historia. |
| 650 #0 - PUNTO DE ACCESO ADICIONAL DE MATERIA--TÉRMINO DE MATERIA |
| 9 (RLIN) |
604 |
| Término de materia o nombre geográfico como elemento de entrada |
Incas |
| Subdivisión general |
Sociedad |
| 710 ## - ENTRADA AGREGADA--NOMBRE DE ENTIDAD CORPORATIVA |
| 9 (RLIN) |
605 |
| Nombre de entidad corporativa o nombre de jurisdicción como elemento de entrada |
Instituto de Estudios Peruanos |
| Término indicativo de función/relación |
Editor. |
| 942 ## - ELEMENTOS DE ENTRADA SECUNDARIOS (KOHA) |
| Fuente del sistema de clasificación o colocación |
Clasificación Decimal Dewey |
| Tipo de ítem Koha |
|
| Suprimir en OPAC |
No |
| 980 ## - EQUIVALENCIA O REFERENCIA-CRUZADA-MENCIÓN DE SERIE--NOMBRE DE PERSONA/TÍTULO [LOCAL, CANADÁ] |
| ID del usuario creador del registro |
22041 |
| Nombre del creador del registro |
ELI VALDERRAMA Analista Documental |
| ID del último usuario que modificó el registro |
1 |
| Nombre del último usuario que modificó el registro |
ALBERTO SANCHEZ Responsable de Automatización |